not waving, but drowning-Loyle Carner - Statistics

General Stats
  • This quiz has been taken 13 times
  • The average score is 9 of 15
Answer Stats
Answer % Correct
Ice Water
92%
Dear Ben
83%
Dear Jean
83%
Not Waving, But Drowning
75%
Carluccio
67%
Krispy
67%
Loose Ends
67%
Ottolenghi
67%
Still
67%
Desoleil
58%
Angel
50%
Looking Back
42%
Sail Away Freestyle
42%
It's Coming Home?
33%
You Don't Know
33%
No matching quizzes found
Score Distribution
Percent of People with Each Score
Percentile by Number Answered
Your Score History
You have not taken this quiz